Statistics for Take Me to Church Lyrics

Click here to take the quiz!

General Stats

  • This quiz has been taken 899 times
  • The average score is 12 of 16

Answer Stats

HintAnswer% Correct
She's the _____ at a funeralgiggle
90%
We were born ____, you heard them say itsick
90%
My lovers got _____humor
88%
She tells me "worship in the ______"bedroom
87%
Shes the last true _______mouthpiece
83%
If the ______ ever did speakheavens
82%
The only heaven ill be _____ tosent
79%
Is when __ _____ ___ ____im alone with you
78%
I should've ______ her soonerworshipped
77%
_____amen
76%
Knows everbodys ______disapproval
74%
A fresh _____ each weekpoison
74%
Every ______ getting more bleakSundays
67%
I was born sick, ___ _ ____ __but I love it
63%
______ me to be wellcommand
52%
My church offers no _______absolutes
47%

Score Distribution

Percentile by Number Answered

Percent of People with Each Score

Your Score History

You have not taken this quiz